Obálka Náhled e-knihy:
PDF Epub
Pro půjčování e-knih musíte být přihlášeni.
Jak si půjčit online?

Pes baskervillský /

Klasický detektivní román s hororovými prvky situovaný do viktoriánské Anglie představuje v promyšlené zápletce Sherlocka Holmese a jeho pomocníka dr. Watsona.

Uloženo v:
Série:Příběhy Sherlocka Holmese, část 5
Hlavní autor: Doyle, Arthur Conan, 1859-1930 (Autor)
Další autoři: Jost, H., 1880-1975 (Autor)
Médium: E-kniha
Jazyk:Czech
Vydáno: Praha : Dobrovský s.r.o., 2021
Edice:1400
Témata:
Příbuzné jednotky:Z cyklu:: Příběhy Sherlocka Holmese
Tagy:
Žádné tagy
LEADER 02588nam a2200457 i 4500
001 312265
003 CZ PrSKC
005 20260601215719.0
007 ta
008 210809s2021 xr g 000 f cze
015 |a cnb003346206 
020 |a 9788027703128  |q (vázáno) 
035 |a (OCoLC)1274109548 
040 |a ABG001  |b cze  |d ABA001  |e rda 
041 1 |a cze  |h eng 
072 7 |a 821.111-3  |x Anglická próza, anglicky psaná  |2 Konspekt 
080 |a 821.111-31  |2 MRF 
080 |a (0:82-312.4)  |2 MRF 
100 1 |a Doyle, Arthur Conan,  |d 1859-1930  |7 jn19990001842  |4 aut 
240 1 0 |a Hound of the Baskervilles.  |l Česky  |7 aun2007424248 
245 1 0 |a Pes baskervillský /  |c Arthur Conan Doyle ; překlad: H. Jost 
264 1 |a Praha :  |b Dobrovský s.r.o.,  |c 2021 
300 |a 203 stran ;  |c 21 cm 
336 |a text  |b txt  |2 rdacontent 
337 |a bez média  |b n  |2 rdamedia 
338 |a svazek  |b nc  |2 rdacarrier 
490 1 |a 1400 
500 |a Přeloženo z angličtiny 
520 2 |a Klasický detektivní román s hororovými prvky situovaný do viktoriánské Anglie představuje v promyšlené zápletce Sherlocka Holmese a jeho pomocníka dr. Watsona.  |b Nejslavnější Doylův detektivní příběh vypráví o záhadných úmrtích na venkovském panství v pochmurné vřesovištní krajině, které přijíždí vyřešit slavný Sherlock Holmes se svým přítelem a pomocníkem doktorem Watsonem. Za zdánlivě nadpřirozeným řáděním vraždícího nepolapitelného psa se skrývá, jak se nakonec Holmesovi podaří prokázat, neovladatelná lidská hamižnost a zášť. Jedinečné líčení atmosféry tajemství a hrůzy z událostí, které se zdánlivě vzpírají lidskému chápání, vychází u této nejznámější anglické detektivky z principů gotického románu. 
655 7 |a anglické romány  |7 fd131814  |2 czenas 
655 7 |a detektivní romány  |7 fd132010  |2 czenas 
655 9 |a English fiction  |2 eczenas 
655 9 |a detective novels  |2 eczenas 
700 1 |a Jost, H.,  |d 1880-1975  |7 jk01052110  |4 trl 
787 0 8 |i Z cyklu:  |t Příběhy Sherlocka Holmese  |g 5 
830 0 |a 1400 
900 |a ABA001  |b 20 
044 |a xr 
910 |a RBIT002 
998 |d 395886  |a https://core.palmknihy.cz/api/books/395886/cover?she9vl  |b https://core.palmknihy.cz/api/books/395886/cover/400?she9vl  |c https://core.palmknihy.cz/api/books/395886/cover/50?she9vl  |e   |g 208  |i 9788027703128  |j https://core.palmknihy.cz/api/books/395886/preview.epub  |k https://core.palmknihy.cz/api/books/395886/preview.pdf  |l   |q 49  |r 1  |s https://www.palmknihy.cz/kniha/395886  |t ebook  |y 2023  |z 0 
999 |d 312263